000 00448nam a2200181Ia 4500
005 20250508154835.0
008 008 250505s9999 xx 000 0 hin d
037 _aTextual
040 _aFEDL
_beng
_cFEDL
041 _ahin
_2eng
084 _aFH, BAN
_qFEDL
100 _aBandyopadhyaya Tarashankar
_9414296
245 0 _aGanadevata
260 _c1967
300 _a635p.
942 _cTEXL
_hFH, BAN
999 _c1352426
_d1352426